| 000 | 00511nam a22001697a 4500 | ||
|---|---|---|---|
| 003 | 0 | ||
| 005 | 20231107130925.0 | ||
| 008 | 231107b xxu||||| |||| 00| 0 eng d | ||
| 050 |
_aBF 575 _b.L56 2023 |
||
| 100 | _aLim, Kim Andrea D. | ||
| 245 |
_aFinancial anxiety and emotional pressure of young mothers _cLim, Kim Andrea D. |
||
| 260 |
_aLas Pinas _bSouthville International School and Colleges _cc2023. |
||
| 300 |
_a472 p. _c28cm. |
||
| 500 | _aAnxiety. | ||
| 500 | _aDepression, mental. | ||
| 942 |
_2lcc _cTH |
||
| 999 |
_c365587 _d365587 |
||